000 00462nam a2200181Ia 4500
005 20250326125759.0
008 250326s9999 xx 000 0 und d
037 _aTextbook
040 _aFMSL
_beng
_cFMSL
041 _aeng
_2eng
084 _aX:8 N5
_qFMSL
100 _aLEE
245 0 _aPruchasing & materials management
_cLee; Dobler
260 _aNY
_bNY, M G H
_c1965
300 _a716p
942 _cTB
_hX:8 N5
999 _c1279538
_d1279538